A Malay-English dictionary
| Main Author: | |
|---|---|
| Format: | Book |
| Published: |
Kuala Lumpur :
Macmillan Malaysia ,
1976
|
| Subjects: |
MARC
| LEADER | 00000cam a2200000 7i4500 | ||
|---|---|---|---|
| 001 | 0000000816 | ||
| 005 | 20001012.0 | ||
| 090 | 0 | 0 | |a 499.23321 |b COO 1976 |
| 100 | 1 | 0 | |a COOPE |h A. E. |
| 245 | 1 | 2 | |a A Malay-English dictionary |c by A. E. Coope |
| 260 | 0 | 0 | |a Kuala Lumpur : |b Macmillan Malaysia , |c 1976 |
| 300 | |a iv, 189 p. ; |c 13 cm. | ||
| 650 | 0 | 0 | |a English language |x Dictionaries |x Malay |
| 650 | 0 | 0 | |a Malay language |x Dictionaries |x English |
| 999 | |a 0000001830 |b Monograph |c Open Shelf |e Default branch | ||